Heroica

Сохранить в:
Библиографические подробности
Главный автор: Benítez Rojo, Antonio
Формат:
Язык:Undetermined
Опубликовано: La Habana, Cuba Arte y Literatura 1976
Предметы:
Метки: Добавить метку
Нет меток, Требуется 1-ая метка записи!

MARC

LEADER 00000nam a2200000Ia 4500
008 170316s9999 xx 000 0 und d
040 |a cru BVZT 
090 |a 860 B-26h 
100 |a Benítez Rojo, Antonio 
245 |a Heroica 
260 |a La Habana, Cuba 
260 |b Arte y Literatura 
260 |c 1976 
300 |a 298 páginas 
650 |a LITERATURA LATINOAMERICANA 
999 |c 8407  |d 8407 
942 |c 15 D  |h 860 B-26h  |2 z